000 00611nam a2200253Ia 4500
003 OSt
005 20221005124221.0
006 a|||||r|||| 00| 0
007 ta
008 221004b |||||||| |||| 00| 0 eng d
024 _a57010
037 _cTextual
040 _aCRL
_cCRL
_beng
041 _2eng
_aeng
082 _aU:23652k, E6
110 _aPunjab
245 0 _aMianuali district gazetteers
_b1915
260 _c1916
490 _aPunjab district gazetteers,30A.
650 _aGEOGRAPHY
700 _aPunjab
942 _hU:23652k, E6
_cTEXL
_2cc
999 _c1049765
_d1049765